| 000 | 00483nam a22001577a 4500 | ||
|---|---|---|---|
| 999 |
_c19859 _d19859 |
||
| 008 | 240326b ||||| |||| 00| 0 eng d | ||
| 020 | _a089517006X | ||
| 082 |
_aDC 512.9 _bM32 1978 |
||
| 100 |
_aManougian, M.N. _955412 |
||
| 245 |
_aBasic concepts of algebra / _cM.N. Manougian. |
||
| 260 |
_aCalifornia : _bDellen Publishing Company, _c©1978. |
||
| 300 |
_axiii, 384 pages : _billustrations ; _c24 cm. |
||
| 500 | _aIncludes index. | ||
| 650 |
_aAlgebra. _955712 |
||
| 942 |
_2ddc _cDC |
||